Stati dell'Asia in ordine alfabetico - Statistics

Statistiche generali
  • Questo quiz è stato fatto 98 volte
  • Il punteggio medio è 38 su 47
Statistiche sulle risposte
Lettera iniziale Stato % Corretto
A Afghanistan
92%
P Pakistan
90%
Q Qatar
90%
A Arabia Saudita
89%
A Armenia
89%
B Bangladesh
89%
C Cina
89%
I Indonesia
89%
K Kazakistan
89%
N Nepal
89%
U Uzbekistan
89%
Y Yemen
89%
C Corea del Nord
87%
C Corea del Sud
87%
G Giappone
87%
I India
87%
L Laos
87%
O Oman
87%
V Vietnam
87%
I Iran
86%
I Iraq
85%
K Kirghizistan
82%
M Mongolia
82%
B Bhutan
80%
F Filippine
80%
T Turkmenistan
80%
C Cambogia
79%
M Malaysia
79%
B Brunei
77%
S Singapore
77%
T Thailandia
77%
A Azerbaigian
76%
E Emirati Arabi Uniti
76%
T Tagikistan
75%
G Georgia
73%
I Israele
73%
T Turchia
72%
G Giordania
70%
K Kuwait
70%
S Siria
70%
B Bahrein
69%
L Libano
69%
T Timor Est
69%
M Maldive
68%
S Sri Lanka
68%
C Cipro
66%
R Russia
65%
Nessun quiz corrispondente trovato
Distribuzione punteggi
Percentuale di utenti per punteggio
Percentile per numero di risposta
I tuoi punteggi nel tempo
Non hai fatto questo quiz